Statistics for Walking Dead Deaths

Click here to take the quiz!

General Stats

  • This quiz has been taken 16 times
  • The average score is 11 of 218

Answer Stats

Season and episode they died in and how they diedAnswer% Correct
Season 1: Episode 5-Bitten on the rib by a walker then left to die by a treeJim
83%
Season 1: Episode 4-Bitten on arm and shoulder by a walkerAmy
75%
Season 2: Episode 3-Shot in the leg by Shane then left to be devoured by walkersOtis
75%
Season 3: Episode 3-Cut in two by helicopter blade | Season 9: Episode 12-Stabbed in ribs by AlphaSean
75%
Season 1: Episode 6-Committed suicide by blowing up in an explosionJacqui
67%
Season 1: Episode 6-Committed suicide by blowing up in explosionDr. Edwin Jenner
42%
Season 1: Episode 4-Devoured by walkerEd Peletier
33%
Season 2: Episode 13-Devoured by walkers in an RVJimmy
33%
Season 3: Episode 4-Died of childbirthLori Grimes
33%
Season 2: Episode 13-Devoured by walkers while holding Beth's handPatricia
33%
Season 2: Episode 12-Stabbed in the gut by Rick GrimesShane Walsh
33%
Season 2: Episode 7-Bitten by walker offscreen then found in Hershel's barnSophia Peletier
33%
Season 2: Episode 8-Shot in the stomach and head | Season 4: Episode 16-Shot in the head by MichonneTony
33%
Season 3: Episode 10-Shot in the head by the GovernorAxel
25%
Season 3: Episode 2-Scratched on the arm by walker then head bashed in by TomasBig Tiny
25%
Season 2: Episode 8-Shot in the head by Rick GrimesDave
25%
Season 8: Episode 6-Blown up by an RPGLeo
25%
Season 3: Episode 4-Bitten on arm, shoulder and neck by walkersT-Dog
25%
Season 3: Episode 2: Stabbed in head by Rick GrimesTomas
25%
Season 4: Episode 8-Decapitated by the GovernorHershel Greene
17%
Season 1: Episode 1-Bitten by walker offscreenLeon Bassett
17%
Season 3: Episode 15-Shot in the chest by the GovernorMerle Dixon
17%
Season 7: Episode 1-Head smashed with a barb wired baseball bat by NeganAbraham Ford
8%
Season 3: Episode-Bitten on the shoulder by a walkerAndrea
8%
Season 3: Episode 4-Shot in the head by OscarAndrew
8%
Season 5: Episode 8-Shot in the head by Dawn LernerBeth Greene
8%
Season 8: Episode 9-Bitten on the stomach by a walkerCarl Grimes
8%
Season 4: Episode 16-Gutted by Rick Grimes | Season 6: Episode 2-Stabbed by a WolfDan
8%
Season 3: Episode 6-Shot in the head by Merle DixonGargulio
8%
Season 7: Episode 1-Head smashed with a barb wired baseball bat by NeganGlenn Rhee
8%
Season 3: Episode 8-Shot in the back during the Woodbury AttackOscar
8%
Season 5: Episode 9-Bitten by a walker twice on the arm then died of blood loss after arm amputationTyreese
8%
Season 9: Episode 16-Decapitated by AlphaAdeline
0%
Season 6: Episode 2-Impaled with spike by a WolfAdrian
0%
Season 5: Episode 14-Flew into spikes from grenade explosion then devoured by walkersAiden Monroe
0%
Season 5: Episode 3-Shot in the head by Rick GrimesAlbert
0%
Season 9: Episode 16-Decapitated by AlphaAlek
0%
Season 4: Episode 16-Shot in head during CrossfireAlex
0%
Season 4: Episode 8-Shot in the head by Lizzie SamuelsAlisha
0%
Season 3: Episode 16-Shot in the head by the GovernorAllen
0%
Season 10: Episode 12-Throat slit then decapitated by NeganAlpha
0%
Season 8: Episode 4-Shot in the chest by GuntherAlvaro
0%
Season 10: Episode 5-Head smashed in with a tire iron by BrandonAmelia
0%
Season 4: Episode 4-Leg ripped off then devoured by walkersAna
0%
Season 8: Episode 2-Shot to death by the SaviorsAndy
0%
Season 6: Episode 3- Devoured by walkersAnnie
0%
Season 6: Episode 2-Stabbed in chest and head by Carol PeletierAphid
0%
Season 9: Episode 3-Speared in the head by CyndieArat
0%
Season 6: Episode 3-Neck bitten by a walkerBarnes
0%
Season 3: Episode 15-Shot in the head by Merle DixonBen
0%
Season 7: Episode 13-Shot in the leg by Jared then died of blood lossBenjamin
0%
Season 6: Episode 5-Slit her wristsBetsy
0%
Season 4: Episode 16-Curb stomped by Darryl DixonBilly
0%
Season 5: Episode 3-Bitten on the shoulder by walker then stabbed in the head by TyreeseBob Stookey
0%
Season 10: Episode 5-Head smashed in with a rock by NeganBrandon
0%
Season 8: Episode 10-Shot in the chest by SimonBrion
0%
Season 8: Episode 13-Shot with a tainted weaponBruce
0%
Season 6: Episode 1- Bitten on the cheek by a walker then stabbed in the back of the head by Rick GrimesCarter
0%
Season 4: Episode 2-Died of a sicknessCharlie
0%
Season 10: Episode 7-Suffocated by DanteCherryl
0%
Season 4: Episode 2-Died of a sicknessChloe
0%
Season 7: Episode 7-Shot in the head by Carl GrimesChris
0%
Season 4: Episode 1-Stabbed herself in the stomachClara
0%
Season 3: Episode 3-Shot in chest by the Governor then head smashed in by the GovernorCorporate Brady
0%
Season 3: Episode 6-Decapitated by MichonneCrowley
0%
Season 2: Episode 11-Stomach ripped open by walker that was let free by Carl GrimesDale Horvathe
0%
Season 8: Episode 13-Devoured by a walkerDana
0%
Season 8: Episode 4-Shot to death by the SaviorsDaniel
0%
Season 10: Episode 8-Stabbed to death by Gabriel StokesDante
0%
Season 4: Episode 2-Stabbed in the head by Carol Peletier then burned | Season 6: Episode 3-Devoured by walkers | Season 7: Episode 15-Stabbed in the neck by NeganDavid
0%
Season 4: Episode 6-Died of lung cancerDavid Chambler
0%
Season 5: Episode 8-Shot in the head by Darryl DixonDawn Lerner
0%
Season 8: Episode 8-Shot in the cheek by Maggie RheeDean
0%
Season 6: Episode 8-Bitten on the hip by a walkerDeanna
0%
Season 6: Episode 14-Shot in the eye with an arrow shot by DwightDenise Cloyd
0%
Season 9: Episode 16-Decapitated by AlphaDJ
0%
Season 3: Episode 8-Bitten on the arm by walkerDonna
0%
Season 6: Episode 13-Shot in the arm by Carol Peletier then died of blood lossDonnie
0%
Season 7: Episode 11-Threw into the furnace by NeganDr. Emmett Carson
0%
Season 8: Episode 11-Shot in the stomach by a saviorDr. Harlan Carson
0%
Season 4: Episode 5-Died of a sicknessDr. S
0%
Season 8: Episode 16-Stabbed in stomach and throat slit by Morgan JonesDuke
0%
Season 10: Episode 12-Bitten on the arm by walker then threw is head onto a railroad spikeEarl Sutton
0%
Season 6: Episode 4-Bitten by a walker on the hipEastman
0%
Season 9: Episode 16-Decapitated by AlphaEnid
0%
Season 8: Episode 3-Shot in the abdomen then died of blood lossEric Raleigh
0%
Season 6: Episode 2-Stomach slashed by AphidErin
0%
Season 6: Episode 11-Stabbed in the neck by Rick GrimesEthan
0%
Season 8: Episode 14-Shot by Rick GrimesEvan
0%
Season 7: Episode 8-Head smashed in with a metal rod by Darryl DixonFat Joey
0%
Season 10: Episode 2-Devoured by walkersFrances
0%
Season 8: Episode 2-Shot to death by the saviorsFrancine
0%
Season 9: Episode 10-Stabbed in neck by AlphaFrank
0%
Season 9: Episode 16-Decapitated by AlphaFrankie
0%
Season 3: Episode 3-Killed in helicopter crashFranklin
0%
Season 8: Episode 2-Shot to death by the SaviorsFreddie
0%
Season 5: Episode 3-Repeatedly slashed in the head by Rick GrimesGareth
0%
Season 8: Episode 9-Stabbed in the throat by HenryGavin
0%
Season 5: Episode 4-Fell off building then injected with clozapine medicationGavin Trevitt
0%
Season 7: Episode 7-Shot to death by Carl GrimesGeorge
0%
Season 7: Episode 3-Shot in the back by DwightGordon
0%
Season 4: Episode 2-Devoured by a walker | Season 5: Episode 3-Beaten to death with the end of a gun by Abraham FordGreg
0%
Season 9: Episode 1-Hung by Maggie RheeGregory
0%
Season 8: Episode 4-Chopped in half by JerryGunther
0%
Season 3: Episode 8-Shot by Rick during Woodbury AttackHaley
0%
Season 4: Episode 16-Shot in the head by MichonneHarley
0%
Season 9: Episode 12-Decapitated by AlphaHelen
0%
Season 4: Episode 5-Died of a sickness | Season 9: Episode 16-Decapitated by AlphaHenry
0%
Season 9: Episode 15-Killed by the WhisperersHilde
0%
Season 6: Episode 2-Stomach slashed by a WolfHolly
0%
Season 7: Episode 8-Shot in the head by MichonneIsabelle
0%
Season 8: Episode 14-Devoured by walkersJared
0%
Season 9: Episode 6-Burned to death by Carol PeltierJed
0%
Season 6: Episode 9-Devoured by walkersJessie Anderson
0%
Season 6: Episode 15-Shot in the stomach by Carol PeletierJiro
0%
Season 5: Episode 4-Cut open her stitches and bled to deathJoan
0%
Season 9: Episode 14-Stabbed in chest by MichonneJocelyn
0%
Season 3: Episode 16-Shot in the head by Carl GrimesJody
0%
Season 4: Episode 16-Neck ripped out by Rick GrimesJoe
0%
Season 8: Episode 4-Shot to death by Carol PeletierJoey
0%
Season 4: Episode 8-Shot in the back by a Woodbury SoldierJulio
0%
Season 9: Episode 2-Shot in the chest with a spear gun by BeatriceJustin
0%
Season 4: Episode 2-Stabbed in the head by Carol Peletier then burnedKaren
0%
Season 8: Episode 13-Shot with a tainted weaponKaty
0%
Season 9: Episode 1- Bitten on the arm and ribs by a walkerKenneth Sutton
0%
Season 8: Episode 13-Shot with a tainted weaponKevin
0%
Season 8: Episode 13-Shot with a tainted weaponKurt
0%
Season 10: Episode 10-Threw against iron bars by BetaLaura
0%
Season 4: Episode 15-Beaten to death by the other claimersLen
0%
Season 4: Episode 9-Devoured by walkers in story told by Tara ChamblerLilly Chambler
0%
Season 4: Episode 14-Shot in the back of the head by Carol PeletierLizzie Samuels
0%
Season 4: Episode 11-Strangled to death by Rick GrimesLou
0%
Season 4: Episode 8-Devoured by walkers offscreenLuke
0%
Season 8: Episode 2-Devoured by the walkersMara
0%
Season 10: Episode 4-Threw against a wall by NeganMargo
0%
Season 5: Episode 3-Stabbed in the neck multiple times by Sasha WilliamsMartin
0%
Season 4: Episode 7- Fed to walkers by the GovernorMartinez
0%
Season 5: Episode 1-Shot in the leg by Carol PeletierMary
0%
Season 10: Episode 12-Gutted by BetaMary "Gamma"
0%
Season 9: Episode 10-Suffocated by AlphaMatias
0%
Season 4: Episode 8-Bitten on the shoulder by a walker then shot in the head by the GovernorMeghan Chambler
0%
Season 4: Episode 14-Stabbed to death by Lizzie SamuelsMica Samuels
0%
Season 3: Episode 7-Died of Prostate CancerMichael Coleman
0%
Season 6: Episode 13-Shot in the head by Carol PeletierMichelle
0%
Season 5: Episode 3-Shot in the head by Rick GrimesMike
0%
Season 6: Episode 15-Stabbed in the stomach with a spike by Carol Peletier | Season 9: Episode 15-Killed by the WhisperersMiles
0%
Season 10: Episode 5-Head smashed in with a tire iron by BrandonMilo
0%
Season 3: Episode 16-Stabbed in the stomach multiple times by the GovernorMilton Mamet
0%
Season 4: Episode 8-Shot in the chest with an arrow by Darryl DixonMitch Dolgan
0%
Season 4: Episode 8-Devoured by walkers offscreen | Season 6: Episode 13-Bitten on the arm by a walker then head bashed in by Maggie RheeMolly
0%
Season 8: Episode 3-Shot in the back of the head by Darryl DixonMorales
0%
Season 4: Episode 5-Died of a sicknessMr. Jacobson
0%
Season 8: Episode 8-Shot to death by EnidNatanya
0%
Season 6: Episode 3-Shot himself in the headNicholas
0%
Season 5: Episode 14-Devoured by walkersNoah
0%
Season 4: Episode 5-Devoured by walkersNorris
0%
Season 5: Episode 4-Devoured by a walkerOfficer Gorman
0%
Season 5: Episode 4-Devoured by a walkerOfficer Jeffries
0%
Season 5: Episode 7-Hit by a car driven by Rick Grimes then shot in the head by Rick GrimesOfficer Lamson
0%
Season 5: Episode 8-Pushed down an elevator shaft by Beth GreeneOfficer O'Donnell
0%
Season 6: Episode 2-Legs chopped off by a WolfO'Hara
0%
Season 7: Episode 8-Shot in the head by AratOlivia
0%
Season 6: Episode 9-Shot in the chest by Carol PeletierOwen
0%
Season 9: Episode 16-Decapitated by AlphaOzzy
0%
Season 6: Episode 2-Stabbed to death by a WolfPark
0%
Season 4: Episode 1-Died of a sicknessPatrick
0%
Season 6: Episode 13-Impaled on spike then face devoured by a walkerPaula
0%
Season 9: Episode 8- Stabbed in the side of chest by a WhispererPaul "Jesus" Rovia
0%
Season 5: Episode 16-Shot in the head by Rick GrimesPete Anderson
0%
Season 4: Episode 7-Stabbed in the back by the GovernorPete Dolgan
0%
Season 6: Episode 13-Shot in the head by Rick GrimesPrimo
0%
Season 2: Episode 12-Neck snapped by Shane WalshRandall Culver
0%
Season 9: Episode 6-Burned to death by Carol PeletierRegina
0%
Season 5: Episode 16-Throat slit by Pete AndersonReg Monroe
0%
Season 8: Episode 14-Bitten by a walker then shot in the head by Rick GrimesReilly
0%
Season 7: Episode 13-Strangled to death by Morgan JonesRichard
0%
Season 3: Episode 9-Bitten on the arm by a walker then shot in the head by the GovernorRichard Foster
0%
Season 6: Episode 2-Burned to death by a WolfRichards
0%
Season 9: Episode 16-Decapitated by AlphaRodney
0%
Season 6: Episode 16-Shot 6 times by Morgan JonesRoman
0%
Season 6: Episode 9-Stabbed in the chest by Michonne then devoured by walkersRon Anderson
0%
Season 8: Episode 4-Shot to death by Carol PeletierRudy
0%
Season 4: Episode 2-Bitten on the back of the neck and arm by a walkerRyan Samuels
0%
Season 5: Episode 1-Throat slit by TerminusSam
0%
Season 6: Episode 9-Devoured by walkersSam Anderson
0%
Season 7: Episode 16-Took a cyanide pillSasha Williams
0%
Season 6: Episode 2-Stomach and head slashed by a WolfShelly Neudermyer
0%
Season 4: Episode 7-Bitten by a walker in story told by MartinezShumpert
0%
Season 10: Episode 7-Strangled to death by DanteSiddiq
0%
Season 8: Episode 15-Strangled to death by NeganSimon
0%
Season 7: Episode 8-Disemboweled by NeganSpencer
0%
Season 6: Episode 3-Devoured by walkersSturgess
0%
Season 8: Episode 10-Shot in the chest by SimonTamiel
0%
Season 9: Episode 16-Decapitated by AlphaTammy Rose Sutton
0%
Season 9: Episode 16-Decapitated by AlphaTara Chambler
0%
Season 5: Episode 3-Beaten to death with the back of a gun by MichonneTheresa
0%
Season 3: Episode 6-Stabbed in chest by MichonneTim
0%
Season 6: Episode 6-Bitten on the neck and face by walkersTina
0%
Season 8: Episode 13-Shot with a tainted weaponTobin
0%
Season 8: Episode 3-Shot in the head by Darryl DixonTodd
0%
Season 6: Episode 3-Devoured by walkersTommy
0%
Season 3: Episode 8-Stabbed in the neck by Maggie GreeneWarren
0%
Season 3: Episode 3-Decapitated by the GovernorWelles
0%
Season 8: Episode 13-Shot with a tainted weaponWesley
0%
Season 6: Episode 3-Devoured by walkersWill
0%
Season 3: Episode 3-Killed in helicopter crashWilson
0%
Season 8: Episode 5-Stabbed in the gut and head by Rick GrimesYago
0%
Season 4: Episode 1-Bitten by walker on ankle and shoulderZach
0%
Season 8: Episode 6-Hit by a truck then shot in the head by Darryl DixonZia
0%

Score Distribution

Percentile by Number Answered

Percent of People with Each Score

Your Score History

You have not taken this quiz